| 000 | 00406nam a22001337a 4500 | ||
|---|---|---|---|
| 999 |
_c130165 _d130165 |
||
| 008 | 200122b ||||| |||| 00| 0 eng d | ||
| 050 | _aDC129.R5 | ||
| 100 |
_aRichardson, Joanna _949000 |
||
| 245 |
_aLouis xiv _cJoanna Richardson introduction by Elizabeth Longford |
||
| 260 |
_aLondon _bWeidenfeld and Nicolson _c1973 |
||
| 300 |
_a232p. ; _c25cm. |
||
| 600 |
_aLouis xiv _949001 |
||
| 942 |
_2lcc _cMONOGRAPH |
||